00878nam a2200217 a 450000100100000000500170001000800410002702000150006804000250008310000300010824500520013826000740019030000280026449000460029250000210033850400730035971000600043283000460049295201050053899900170064300004165620201002035705.0131015s2003 sp 000 0 spa d a8493302317 aDO-SdBNPbspacBNPHU1 aCal Pardo, Enrique96844610aEpiscopologio Mindoniense /cEnrique Cal Pardo. aSalamanca :bInstituto de Estudios Gallegos "Padre Sarmiento",c2003. aXVII, 1252 p. ;c24 cm.1 aCuadernos de estudios gallegos. Anexov28 aIncluye índice aIncluye referencias bibliográficas y notas al pie de las páginas2 aInstituto de Estudios Gallegos "Padre Sarmiento"968447 0aCuadernos de estudios gallegosv28964199 001050718MOaGRbGRcCTd2013-10-15iLF1l0o p41656-10r2020-06-25w2020-06-25y1ZNo se presta c41146d41146